Uccelli Marini - Per Immagini - Statistics

Statistiche generali
  • Questo quiz è stato fatto 23 volte
  • Il punteggio medio è 10 su 16
Statistiche sulle risposte
con Immagini Hint Risposta % Corretto
Gabbiano
100%
Cigno
95%
Fenicottero
95%
Germano Reale
91%
Pellicano
91%
Cigno Nero
77%
Martin Pescatore
77%
Pinguino Imperatore
73%
Airone
68%
Pulcinella Di Mare
64%
Albatros
59%
Cormorano
59%
Sula
36%
Svasso
18%
Sterna
14%
Alca
5%
Nessun quiz corrispondente trovato
Distribuzione punteggi
Percentuale di utenti per punteggio
Percentile per numero di risposta
I tuoi punteggi nel tempo
Non hai fatto questo quiz